[Event "Challenge"]
[Site "http://www.queenalice.com/game.php?id=829"]
[Date "2004.9.26"]
[Round "-"]
[White "dnptrs"]
[Black "zygantron"]
[Result "1-0"]
[WhiteElo "1669"]
[BlackElo "1611"]

1. d4 d6 2. c4 g6 3. f4 Bg7 4. Nf3 c5 5. Nc3 cxd4 6. Nxd4 Nc6 7. Nxc6 bxc6 8. e4
Bxc3+ 9. bxc3 Qa5 10. Qb3 Nf6 11. Bd3 O-O 12. O-O Qc5+ 13. Kh1 Ng4 14. Qc2 Rb8
15. Rf3 Qh5 16. h3 c5 17. Bd2 Nf6 18. Re1 e5 19. Kg1 Nd7 20. Ref1 Nb6 21. Qc1
Rb7 22. Qe1 1-0

[Event "zygahim"]
[Site "http://www.queenalice.com/game.php?id=1504"]
[Date "2004.10.28"]
[Round "-"]
[White "zygantron"]
[Black "ahimsa"]
[Result "0-1"]
[WhiteElo "1466"]
[BlackElo "1639"]

1. d4 g6 2. Nf3 Bg7 3. Nc3 c6 4. Bf4 d5 5. e3 Nf6 6. Be2 Nbd7 7. Ne5 a6 8. h4 h5
9. Qd2 Nxe5 10. Bxe5 Bf5 11. Bd3 Bxd3 12. cxd3 Rc8 13. Rc1 O-O 14. O-O e6 15.
Na4 Ng4 16. Bg3 Bf6 17. f3 Nh6 18. Bf4 Nf5 19. g3 Re8 20. Qh2 Qe7 21. Nc5 e5 22.
dxe5 Bxe5 23. Qf2 Bxf4 24. exf4 Ne3 25. Rfe1 d4 26. a3 a5 27. Nb3 Qd8 28. Nxd4
Qxd4 29. Rc4 Qxd3 30. Rc3 Qd7 31. Rcxe3 Rxe3 32. Qxe3 Rd8 33. Qb6 Qd4+ 34. Qxd4
Rxd4 35. Kf2 f5 36. Re7 Rd2+ 37. Re2 Rd7 38. Ke3 Kf7 39. Rc2 Rd5 0-1

[Event "Challenge"]
[Site "http://www.queenalice.com/game.php?id=3935"]
[Date "2005.1.18"]
[Round "-"]
[White "Salvador"]
[Black "zygantron"]
[Result "1-0"]
[WhiteElo "1500"]
[BlackElo "1490"]

1. d4 d6 2. Nf3 Bg4 3. Nh4 e5 4. g3 Be7 5. Rg1 Bxh4 6. gxh4 Qxh4 7. dxe5 dxe5 8.
Nc3 g6 9. Nb5 Na6 10. Qd5 Nf6 11. Qxe5+ 1-0

[Event "Challenge"]
[Site "http://www.queenalice.com/game.php?id=16244"]
[Date "2005.6.14"]
[Round "-"]
[White "zygantron"]
[Black "Lionel"]
[Result "1-0"]
[WhiteElo "1453"]
[BlackElo "1794"]

1. d4 Nf6 2. Nf3 d5 3. Bf4 Bf5 4. e3 e6 5. a3 Be7 6. c4 O-O 7. Nc3 dxc4 8. Bxc4
Nbd7 9. O-O Nb6 10. Bb3 Rc8 11. Rc1 c6 12. Nh4 Bg4 13. f3 Bh5 14. g4 Nfd5 15.
Ng2 Nxc3 16. Rxc3 Bg6 17. e4 c5 18. dxc5 Bxc5+ 19. Kh1 Qe7 20. Qc1 Bd4 21. Rxc8
Rxc8 22. Qd2 e5 23. Bg5 Qe8 24. Qe2 h6 25. Be3 Rd8 26. Rd1 Bxe3 27. Nxe3 Rxd1+
28. Qxd1 Qe7 29. Nd5 Nxd5 30. Bxd5 b5 31. Qc1 b4 32. Kg2 a5 33. axb4 Qxb4 34. h4
Qb8 35. h5 Bh7 36. b3 g5 37. hxg6 Bxg6 38. Qxh6 Qd6 39. Qc1 Qb6 40. Qc3 Qa6 41.
Bc4 Qd6 42. Qxa5 Kf8 43. Qd5 Ke7 44. Qxd6+ Kxd6 45. b4 f6 46. Kg3 Be8 47. g5
fxg5 48. Kg4 1-0

[Event "letÂ´s play?"]
[Site "http://www.queenalice.com/game.php?id=19552"]
[Date "2005.7.14"]
[Round "-"]
[White "Dinho"]
[Black "zygantron"]
[Result "0-1"]
[WhiteElo "1561"]
[BlackElo "1494"]

1. e4 g6 2. Bc4 Bg7 3. Qf3 e6 4. Nh3 c6 5. d4 Bxd4 6. Be3 Bxb2 7. Bg5 f6 8. e5
fxg5 9. O-O Bxa1 10. Rd1 Bxe5 11. Bxe6 Qe7 12. Re1 Qxe6 13. Nxg5 Qe7 14. Nc3
Qxg5 15. g3 d6 16. h4 Qd2 17. Qe2 Qxe2 18. Rxe2 Kf7 19. Ne4 Bg4 20. f3 Bf5 21.
g4 Bxe4 22. Rxe4 Nd7 23. Rb4 b5 24. f4 Bc3 25. Rb3 b4 26. a3 a5 27. Rb1 Ngf6 28.
g5 Ne4 29. axb4 axb4 30. Kg2 Ra1 31. Rxa1 Bxa1 32. Kf3 d5 33. c4 bxc3 0-1

[Event "Challenge"]
[Site "http://www.queenalice.com/game.php?id=32227"]
[Date "2005.10.8"]
[Round "-"]
[White "barron6469"]
[Black "zygantron"]
[Result "0-1"]
[WhiteElo "1731"]
[BlackElo "1518"]

1. d4 e6 2. e3 g6 3. c4 Bg7 4. Nf3 Ne7 5. Nc3 O-O 6. Be2 b6 7. O-O Bb7 8. b3 c5
9. Qc2 Nbc6 10. Bb2 cxd4 11. Nb5 d3 12. Bxd3 Nb4 0-1

[Event "Challenge"]
[Site "http://www.queenalice.com/game.php?id=39790"]
[Date "2005.11.25"]
[Round "-"]
[White "Albert"]
[Black "zygantron"]
[Result "0-1"]
[WhiteElo "1659"]
[BlackElo "1549"]

1. d4 e5 2. dxe5 d6 3. Nf3 Bg4 4. Bg5 Qc8 5. exd6 Bxd6 6. Nc3 Nc6 7. Ne4 Be7 8.
Bxe7 Ngxe7 9. Qd3 O-O 10. O-O-O Rd8 11. Qc4 Rxd1+ 12. Kxd1 Qd7+ 13. Kc1 Rd8 14.
b3 Be6 15. Qc5 b6 16. Qc3 Nd5 17. Qd2 Qe7 18. Kb1 Bf5 19. Neg5 Qa3 20. e4 Nc3+
21. Ka1 Qxa2# 0-1

[Event "Let's Play Chess!"]
[Site "http://www.queenalice.com/game.php?id=41645"]
[Date "2005.12.5"]
[Round "-"]
[White "kathieD"]
[Black "zygantron"]
[Result "0-1"]
[WhiteElo "817"]
[BlackElo "1559"]

1. d4 g6 2. Nf3 Bg7 3. g4 d6 4. Bg5 Bxg4 5. Nc3 c6 6. h3 Bxf3 7. exf3 Qb6 8. Rg1
Bxd4 9. Na4 Bxf2+ 10. Ke2 Qd4 11. Rg4 Qxd1+ 12. Rxd1 Bb6 13. Nxb6 axb6 14. h4
Rxa2 15. Ke1 Rxb2 16. Ra4 Na6 17. Be3 Nf6 18. Bxb6 Rxb6 19. c3 Kd7 20. c4 Nc5
21. Ra3 Ra6 22. Re3 Rha8 23. f4 Ra1 24. Bh3+ Kd8 25. Ke2 R8a2+ 26. Rd2 Rxd2+ 27.
Kxd2 e6 28. Rg3 Nfe4+ 29. Ke3 Nxg3 30. Kf3 b5 31. Kxg3 bxc4 32. Kg4 c3 33. Bg2
c2 34. Bxc6 c1=Q 35. Bf3 Nd3 36. Be2 Qxf4+ 37. Kh3 Rg1 38. Bxd3 Qg3# 0-1

[Event "Challenge"]
[Site "http://www.queenalice.com/game.php?id=42630"]
[Date "2005.12.9"]
[Round "-"]
[White "zygantron"]
[Black "serse"]
[Result "0-1"]
[WhiteElo "1573"]
[BlackElo "1654"]

1. d4 c5 2. dxc5 e6 3. Nf3 Bxc5 4. Nc3 Nf6 5. e3 d5 6. b3 O-O 7. Na4 Bb4+ 8. Bd2
Bxd2+ 9. Nxd2 Bd7 10. Nb2 Qc7 11. c4 Bc6 12. cxd5 Bxd5 13. Nd3 Rd8 14. f3 Nbd7
15. Be2 Ne5 16. Rc1 Bc6 17. Qc2 Nxd3+ 18. Bxd3 Qa5 19. Rd1 Rac8 20. Qb1 Qc3 21.
Ke2 Nd5 22. Rc1 Qf6 23. Bxh7+ Kh8 24. Be4 Qg5 25. f4 Qg4+ 0-1

[Event "Challenge"]
[Site "http://www.queenalice.com/game.php?id=69310"]
[Date "2006.5.15"]
[Round "-"]
[White "zygantron"]
[Black "knightsdefence"]
[Result "1-0"]
[WhiteElo "1559"]
[BlackElo "980"]

1. d4 d5 2. Nf3 Bg4 3. Ne5 Bd7 4. e3 Nc6 5. Nxd7 Qxd7 6. Bb5 a6 7. Ba4 b5 8. Bb3
Na5 9. O-O Nc6 10. Nd2 e6 11. Nf3 a5 12. c3 Nf6 13. Qe2 1-0

[Event "AUTO-INT-339"]
[Site "http://www.queenalice.com/game.php?id=165289"]
[Date "2007.2.8"]
[Round "1"]
[White "zygantron"]
[Black "jpzenitram"]
[Result "1-0"]
[WhiteElo "1589"]
[BlackElo "1599"]

1. d4 d6 2. e4 Nf6 3. Nc3 g6 4. Bg5 Bg7 5. f4 Ng4 6. Qd2 Nf6 7. Bc4 e6 8. e5
dxe5 9. fxe5 Nc6 10. exf6 Bxf6 11. Bxf6 Qxf6 12. O-O-O O-O 13. Nf3 Na5 14. Bd3
Bd7 15. h4 a6 16. h5 Nc6 17. Be2 Rae8 18. hxg6 fxg6 19. Ng5 h5 20. g4 Nxd4 21.
gxh5 Re7 22. Qxd4 Qxg5+ 23. Kb1 Rf4 24. Ne4 Qf5 25. hxg6 e5 26. Qc5 Re8 27. Rxd7
Qxd7 28. Bc4+ Kg7 29. Rh7+ Kxg6 30. Rxd7 Ref8 31. Qg1+ Kf5 32. Ng3+ Kg5 33. Rg7+
Kh6 34. Nf5+ 1-0

[Event "AUTO-INT-339"]
[Site "http://www.queenalice.com/game.php?id=165290"]
[Date "2007.2.8"]
[Round "1"]
[White "jpzenitram"]
[Black "zygantron"]
[Result "0-1"]
[WhiteElo "1594"]
[BlackElo "1605"]

1. e4 g6 2. d4 d6 3. Nf3 Bg7 4. Bc4 Nf6 5. Nc3 c6 6. e5 dxe5 7. Nxe5 O-O 8. Bf4
Nbd7 9. Nxf7 Rxf7 10. Bxf7+ Kxf7 11. O-O Nf8 12. Re1 Be6 13. Ne2 Qd7 14. Ng3 Rd8
15. c3 Bd5 16. b3 Ne6 17. Be5 Ng5 18. c4 Be6 19. Qe2 h6 20. Rad1 Ngh7 21. Rd2
Nf8 22. Red1 Qc8 23. Qf3 Bg4 24. Qf4 Bxd1 25. Rxd1 Qg4 26. Qxg4 Nxg4 27. Bxg7
Kxg7 28. Ne4 Ne6 29. h3 Nf6 30. Nxf6 Kxf6 31. Kh2 Nxd4 32. g4 Nf3+ 33. Kg3 Rxd1
34. Kxf3 Rd2 0-1

[Event "AUTO-INT-339"]
[Site "http://www.queenalice.com/game.php?id=165291"]
[Date "2007.2.8"]
[Round "1"]
[White "zygantron"]
[Black "Be0wulf"]
[Result "1-0"]
[WhiteElo "1633"]
[BlackElo "1813"]

1. d4 Nf6 2. Nf3 e6 3. Bf4 c5 4. c3 Nc6 5. e3 Be7 6. h3 O-O 7. Bd3 cxd4 8. exd4
d6 9. O-O Re8 10. Qc2 Bf8 11. Re1 g6 12. Qd2 Bg7 13. Bh6 e5 14. Bxg7 Kxg7 15.
dxe5 Nxe5 16. Be2 Qb6 17. Na3 Be6 18. b3 Rac8 19. c4 a6 20. Rad1 Rcd8 21. Nc2
Bf5 22. Ncd4 Be4 23. Qe3 Qa5 24. Ng5 d5 25. f3 Bf5 26. f4 Nxc4 27. Nxf5+ gxf5
28. Qg3 Kf8 29. bxc4 Qxa2 30. Qc3 Rxe2 31. Rxe2 Qxe2 32. Qxf6 Qxd1+ 33. Kh2 Rd7
34. Ne6+ Ke8 35. Ng7+ Kf8 36. Nxf5 Ke8 37. Qh8# 1-0

[Event "AUTO-INT-339"]
[Site "http://www.queenalice.com/game.php?id=165292"]
[Date "2007.2.8"]
[Round "1"]
[White "Be0wulf"]
[Black "zygantron"]
[Result "0-1"]
[WhiteElo "1837"]
[BlackElo "1656"]

1. e4 g6 2. d4 d6 3. f4 Bg7 4. Nf3 c5 5. dxc5 Qa5+ 6. c3 Qxc5 7. h3 Nf6 8. Be2
O-O 9. Qd3 Qc6 10. Nbd2 b6 11. O-O Bb7 12. Re1 Nh5 13. Qe3 Bh6 14. Ng5 Nxf4 15.
Qxf4 Qc5+ 16. Qf2 Qxf2+ 17. Kxf2 Bxg5 18. Bd3 Nd7 19. Nf3 Bxc1 20. Raxc1 Rac8
21. Rcd1 Nc5 22. Bc2 Kg7 23. e5 dxe5 24. Nxe5 Rfd8 25. Ng4 Rxd1 26. Rxd1 f5 27.
Ne5 Be4 28. Bxe4 Nxe4+ 29. Kf3 Nd6 30. h4 Kf6 31. Kf4 h6 32. Nf3 e5+ 33. Ke3 f4+
34. Ke2 Ke6 35. Nh2 Nf5 36. Nf3 Re8 37. Nd2 Nxh4 38. Nc4 Nxg2 39. Kf3 Nh4+ 40.
Ke4 Kf6 41. Rd6+ Kg5 42. Nxe5 f3 43. Rd2 Nf5 44. c4 Kf6 45. Kxf3 Rxe5 46. b4 Re7
47. a4 Re3+ 48. Kf2 Rc3 0-1

[Event "AUTO-INT-339"]
[Site "http://www.queenalice.com/game.php?id=165293"]
[Date "2007.2.8"]
[Round "1"]
[White "zygantron"]
[Black "jocker_1"]
[Result "1-0"]
[WhiteElo "1559"]
[BlackElo "1562"]

1. c4 e5 2. g3 d5 3. cxd5 Qxd5 4. Nf3 Bd6 5. Nc3 Nf6 6. Nxd5 Nxd5 7. e4 Nf6 8.
d4 Nc6 9. Bb5 O-O 10. Bxc6 bxc6 11. dxe5 Bb4+ 12. Bd2 Bxd2+ 13. Qxd2 Nxe4 14.
Qd4 Bf5 15. Nh4 Rfd8 16. Qe3 g6 17. O-O Bh3 18. Qxe4 Bxf1 19. Rxf1 Rd5 20. Rc1
Re8 21. Nf3 f5 22. Qa4 Rb5 23. Rxc6 Reb8 24. Qc4+ Kg7 25. Rxc7+ Kh8 26. Qf7 R5b7
27. Qxh7# 1-0

[Event "AUTO-INT-339"]
[Site "http://www.queenalice.com/game.php?id=165294"]
[Date "2007.2.8"]
[Round "1"]
[White "jocker_1"]
[Black "zygantron"]
[Result "0-1"]
[WhiteElo "1536"]
[BlackElo "1575"]

1. d4 Nf6 2. c4 Nc6 3. e3 e5 4. d5 Ne7 5. Bd3 e4 6. Bc2 Ng6 7. Ne2 Bc5 8. O-O d6
9. Nd4 O-O 10. Nc3 Qe7 11. f3 exf3 12. Qxf3 Bg4 13. Qg3 Rae8 14. h3 Bd7 15. a3
Qe5 16. Qxe5 Nxe5 17. b4 Bxd4 18. exd4 Nxc4 19. Bd3 Nb6 20. Nb5 Bxb5 21. Bxb5
Rb8 22. a4 Nbxd5 23. Bg5 h6 24. Rab1 hxg5 25. a5 Nc3 26. Rbc1 Nxb5 27. Rf5 Nxd4
28. Rxg5 Ne2+ 29. Kh2 Nxc1 30. h4 Rbe8 31. h5 Re5 32. Rg4 Nxg4+ 33. Kh3 Nf6 34.
g4 Rfe8 35. a6 bxa6 36. b5 Re3+ 37. Kh4 Nh7 38. bxa6 d5 39. h6 R8e4 40. hxg7
Kxg7 41. Kh5 Rh3# 0-1

[Event "Challenge"]
[Site "http://www.queenalice.com/game.php?id=207424"]
[Date "2007.5.7"]
[Round "-"]
[White "zygantron"]
[Black "Uchoas"]
[Result "1-0"]
[WhiteElo "1621"]
[BlackElo "1519"]

1. c4 d5 2. cxd5 Qxd5 3. Nc3 Qc5 4. d4 Qf5 5. e4 Qf6 6. Nf3 Nc6 7. Bg5 Qe6 8. d5
Qd6 9. dxc6 Qxc6 10. Rc1 Bg4 11. Bb5 1-0

[Event "Challenge"]
[Site "http://www.queenalice.com/game.php?id=219146"]
[Date "2007.6.1"]
[Round "-"]
[White "zygantron"]
[Black "Uchoas"]
[Result "1-0"]
[WhiteElo "1731"]
[BlackElo "1540"]

1. g3 d5 2. Bg2 Nc6 3. a3 e5 4. e3 Nf6 5. d3 d4 6. e4 Be6 7. Ne2 Be7 8. Nd2 O-O
9. O-O Bd6 10. Nf3 Ng4 11. h3 Qd7 12. hxg4 Bxg4 13. c3 Be7 14. cxd4 Nxd4 15.
Nexd4 exd4 16. Ne5 Bxd1 17. Nxd7 Rfd8 18. Rxd1 Rxd7 19. Bf4 c6 20. Bh3 Rdd8 21.
Rac1 Bd6 22. Bxd6 Rxd6 23. Rc4 h5 24. f4 Re8 25. Rdc1 f6 26. Kf2 a6 27. Rc5 Rf8
28. Rxh5 g6 29. Rhc5 b5 30. Rxc6 1-0

[Event "AUTO-INT-339"]
[Site "http://www.queenalice.com/game.php?id=241296"]
[Date "2007.7.17"]
[Round "2"]
[White "zygantron"]
[Black "Doctor"]
[Result "1-0"]
[WhiteElo "1739"]
[BlackElo "1675"]

1. c4 e6 2. g3 Nf6 3. Bg2 d5 4. Nf3 Be7 5. O-O O-O 6. Qc2 c5 7. d4 Nc6 8. dxc5
Nb4 9. Qb3 Bxc5 10. a3 Na6 11. cxd5 Qxd5 12. Qc2 Qe4 13. Qd2 Qd5 14. Qxd5 exd5
15. Nc3 Be6 16. Rd1 Rad8 17. b4 Bb6 18. Bb2 Ng4 19. e3 Nc7 20. h3 Nf6 21. Na4
Bf5 22. Nxb6 axb6 23. Rac1 Ne6 24. Bxf6 gxf6 25. Nd4 Bg6 26. Nb5 Be4 27. h4 Bxg2
28. Kxg2 h5 29. Rc2 Kg7 30. Rcd2 Kg6 31. Rxd5 Rxd5 32. Rxd5 Rd8 33. Rxd8 Nxd8
34. Nd6 Kh7 35. Kf3 Kg7 36. Kf4 Kg6 37. a4 Ne6+ 38. Ke4 Nd8 39. b5 f5+ 40. Ke5
1-0

[Event "AUTO-INT-339"]
[Site "http://www.queenalice.com/game.php?id=241297"]
[Date "2007.7.17"]
[Round "2"]
[White "Doctor"]
[Black "zygantron"]
[Result "0-1"]
[WhiteElo "1690"]
[BlackElo "1716"]

1. e4 g6 2. Nf3 d6 3. Bc4 Bg7 4. c3 Nf6 5. d3 O-O 6. h3 d5 7. exd5 Nxd5 8. O-O
Nb6 9. Na3 Nxc4 10. Nxc4 Nd7 11. d4 Nf6 12. Bf4 b6 13. Re1 Bb7 14. Qe2 e6 15.
Bg5 h6 16. Bh4 g5 17. Bg3 Qe7 18. Nfe5 c5 19. f3 cxd4 20. cxd4 Rfd8 21. Rad1 Nh5
22. Bh2 Nf4 23. Bxf4 gxf4 24. Qd2 Qh4 25. Qc3 Bd5 26. b3 Rac8 27. Qb4 Rc7 28.
Rc1 Rdc8 29. Qd2 Qg3 30. a4 Bf6 31. Qe2 Bxe5 32. Qxe5 Bxf3 0-1